Mass spectrometry: Organic chemical applications (Record no. 20440)
[ view plain ]
| 000 -LEADER | |
|---|---|
| fixed length control field | 00295nam a2200109Ia 4500 |
| 082 ## - DEWEY DECIMAL CLASSIFICATION NUMBER | |
| Classification number | 543.51 |
| Item number | BIE |
| 100 ## - MAIN ENTRY--AUTHOR NAME | |
| Personal name | Biemann, Klaus |
| 245 #0 - TITLE STATEMENT | |
| Title | Mass spectrometry: Organic chemical applications |
| 260 ## - PUBLICATION, DISTRIBUTION, ETC. (IMPRINT) | |
| Place of publication | New York |
| Name of publisher | McGraw Hill |
| Year of publication | 1962 |
| 942 ## - ADDED ENTRY ELEMENTS (KOHA) | |
| Koha item type | Books |
| Withdrawn status | Lost status | Damaged status | Not for loan | Home library | Current library | Date acquired | Cost, normal purchase price | Full call number | Accession Number | Koha item type |
|---|---|---|---|---|---|---|---|---|---|---|
| RRII Library | RRII Library | 16/12/2021 | 14.50 | 543.51 BIE | 01166 | Books |